Introductory plant biology / (Record no. 14848)
[ view plain ]
| 000 -LEADER | |
|---|---|
| fixed length control field | 00480cam a2200181 a 4500 |
| 020 ## - INTERNATIONAL STANDARD BOOK NUMBER | |
| ISBN | 0697257738 (paper) |
| 020 ## - INTERNATIONAL STANDARD BOOK NUMBER | |
| ISBN | 069725772X (case) |
| 040 ## - CATALOGING SOURCE | |
| Transcribing agency | DLC |
| 082 00 - DEWEY DECIMAL CLASSIFICATION NUMBER | |
| Classification number | 580 BRO 1997 A061 Or. |
| 100 1# - MAIN ENTRY--AUTHOR NAME | |
| Personal name | Stern, Kingsley R. |
| 245 10 - TITLE STATEMENT | |
| Title | Introductory plant biology / |
| 246 31 - VARYING FORM OF TITLE | |
| Title proper/short title | Plant biology |
| 250 ## - EDITION STATEMENT | |
| Edition statement | Ed. 7. |
| 260 ## - PUBLICATION, DISTRIBUTION, ETC. (IMPRINT) | |
| Place of publication | Dubuque, IA : |
| Name of publisher | Wm. C. Brown Publishers, |
| Year of publication | c1997. |
| 300 ## - PHYSICAL DESCRIPTION | |
| Number of Pages | xiv, 570 p. : |
| Other physical details | ill. (some col.) ; |
| Dimensions | 28 cm. |
| 650 #0 - SUBJECT ADDED ENTRY--TOPICAL TERM | |
| Topical Term | Botany. |
| 942 ## - ADDED ENTRY ELEMENTS (KOHA) | |
| Koha item type | សៀវភៅភាសាអង់គ្លេស |
| 952 ## - LOCATION AND ITEM INFORMATION (KOHA) | |
| Withdrawn status [LOCAL, KOHA] | 0 |
| Permanent Location | Date acquired | Koha item type | Lost status | Shelving location | Barcode | Current Location | Full call number |
|---|---|---|---|---|---|---|---|
| Library Block A | 2017-10-30 | សៀវភៅភាសាអង់គ្លេស | A061 | A21140 | Library Block A | 580 BRO 1997 A061 Or. |